000
00290nam a22001337a 4500
008
170522b xxu||||| |||| 00| 0 eng d
020
_a
0671475444
041
_a
eng
080
_a
94
100
_a
16
101
_a
SHH
245
_a
THE UNTHINKABLE IN THE 1980S
_c
KAHN,H
942
_2
udc
_c
BK
999
_c
13701
_d
13701